| 000 | 00543 a2200217 4500 | ||
|---|---|---|---|
| 003 | 436108 | ||
| 005 | 20251021213316.0 | ||
| 008 | 251021b |||||||| |||| 00| 0 eng d | ||
| 022 | _a1115837 | ||
| 040 |
_cNile University o Nigeria, Abuja. _erda |
||
| 050 | _a K 60 .B5 | ||
| 082 | _a K 60 .B5 | ||
| 245 | _a BIU LAW JOURNAL | ||
| 250 | _avol1N01,2011 | ||
| 260 |
_aBenin _bBIU Press _c2011 |
||
| 264 |
_aBenin _bBIU Press _c2011 |
||
| 300 | _avi,539 pg., 25 cm | ||
| 336 | _2rdacontent | ||
| 338 | _2rdacarrier | ||
| 942 |
_2lcc _cSERIAL |
||
| 999 |
_c43930 _d43930 |
||